<?xml version="1.0" encoding="UTF-8"?>
<collection xmlns:xsi="http://www.w3.org/2001/XMLSchema-instance" xsi:schemaLocation="http://www.loc.gov/MARC21/slim http://www.loc.gov/standards/marcxml/schema/MARC21slim.xsd" xmlns="http://www.loc.gov/MARC21/slim">
 <record>
  <leader>00000cja a22000003a 4500</leader>
  <controlfield tag="001">UP-99796217612562352</controlfield>
  <controlfield tag="003">Buklod</controlfield>
  <controlfield tag="005">20170809142147.0</controlfield>
  <controlfield tag="006">a     r    |||| u|</controlfield>
  <controlfield tag="007">s| u||||||u|u|</controlfield>
  <controlfield tag="008">170809s2004    xx     d|||||||||||||| | </controlfield>
  <datafield tag="035" ind1=" " ind2=" ">
   <subfield code="a">(iLib)UPD-00343311389</subfield>
  </datafield>
  <datafield tag="040" ind1=" " ind2=" ">
   <subfield code="a">DMUS</subfield>
  </datafield>
  <datafield tag="041" ind1=" " ind2=" ">
   <subfield code="a">tag</subfield>
  </datafield>
  <datafield tag="090" ind1=" " ind2=" ">
   <subfield code="a">CT 3828</subfield>
  </datafield>
  <datafield tag="245" ind1="0" ind2="0">
   <subfield code="a">Philippine music.</subfield>
  </datafield>
  <datafield tag="254" ind1=" " ind2=" ">
   <subfield code="a">Sound recording</subfield>
  </datafield>
  <datafield tag="264" ind1=" " ind2="1">
   <subfield code="a">[S.I.</subfield>
   <subfield code="b">s.n.]</subfield>
   <subfield code="c">©2004</subfield>
  </datafield>
  <datafield tag="300" ind1=" " ind2=" ">
   <subfield code="a">1 sound cassette</subfield>
  </datafield>
  <datafield tag="505" ind1="0" ind2=" ">
   <subfield code="a">Leron leron sinta/ Traditional' -- Iyo kailan pa man/A. Peña arr. L. Demetillo -- Mindanao orchids/R. Tapales arr . L. Demetillo -- Pagsapit ng tag-araw / E. Parunago -- Manalig ka/ L. San Pedro -- Damgo man lang/ E. Solis -- Usahay/N. Gonzales -- Nahan/E. Cuenco -- Dahil sa isang bulaklak/ L.Silos -- Sa umaga/ L. San Pedro -- Nasaan ang aking puso / N. Abelardo --  Mutya ng pasig/N. Abelardo -- Kay tamis ng buhay/ F. de Leon -- Kabukairan/ Velez -- Excerpts from seleksiyon (Chua-ay, katakataka, Ahay - Tuburan, kenkoy, Pangangguhan) / arr. by Agusto A. Espino.</subfield>
  </datafield>
  <datafield tag="905" ind1=" " ind2=" ">
   <subfield code="a">FI</subfield>
  </datafield>
  <datafield tag="852" ind1="0" ind2=" ">
   <subfield code="a">UPD</subfield>
   <subfield code="b">DMUS</subfield>
   <subfield code="h">CT 3828</subfield>
  </datafield>
  <datafield tag="942" ind1=" " ind2=" ">
   <subfield code="a">Music</subfield>
  </datafield>
 </record>
</collection>
